| 000 | 00445nam a2200109Ia 4500 | ||
|---|---|---|---|
| 008 | 160909s9999 xx 000 0 und d | ||
| 100 | _aGollhofer, Robert Edward | ||
| 245 | _aMeasuring the impact of process improvement programs on the performance of hospitals in Mid-Atlantic region using data envelopment analysis | ||
| 260 |
_bCapella University _c2016 |
||
| 650 | _aNursing | ||
| 856 | _uhttp://pqdtopen.proquest.com/doc/1759630583.html?FMT=ABS | ||
| 999 |
_c303941 _d303941 |
||